[Event "TOP 16 A group"]
[Site "BELFORT"]
[Date "????.??.??"]
[Round "4.21"]
[White "Dardha, Daniel"]
[Black "Postny, Evgeny"]
[Result "1-0"]
[WhiteElo "2651"]
[BlackElo "2525"]
[PlyCount "105"]
[EventDate "2025.05.??"]
[WhiteTeam "CHARTRES"]
[BlackTeam "METZ"]
[WhiteTeamCountry "FRA"]
[BlackTeamCountry "FRA"]

1. e4 e5 2. Nf3 Nc6 3. Bc4 Nf6 4. d3 Bc5 5. Nc3 O-O 6. O-O h6 7. Be3 Bxe3 8.
fxe3 d6 9. a4 Be6 10. b3 d5 11. exd5 Nxd5 12. Qd2 Nxc3 13. Qxc3 Bxc4 14. Qxc4
Qd6 15. Rab1 Rae8 16. Nd2 Qb4 17. Ne4 Re7 18. g4 Rd8 19. Rf2 Qxc4 20. bxc4 b6
21. h4 Rdd7 22. Kf1 Nd8 23. g5 Re6 24. Ke2 Nb7 25. Kf3 Nd6 26. Nxd6 cxd6 27.
Ke4 Kh7 28. a5 bxa5 29. Ra1 hxg5 30. hxg5 Kg6 31. Rg2 Rd8 32. Rxa5 a6 33. Rg1
Rh8 34. Kd5 Rh2 35. Rxa6 Rxc2 36. Rxd6 Rxd6+ 37. Kxd6 Rd2 38. Kxe5 Rxd3 39. e4
Rc3 40. Kd5 Rd3+ 41. Ke5 Rc3 42. Kd4 Rc2 43. Kd3 Ra2 44. c5 f6 45. c6 Kf7 46.
c7 Ra8 47. Rc1 Rc8 48. Kd4 Ke6 49. gxf6 gxf6 50. Rc6+ Kd7 51. Kd5 Ke7 52. Rc1
Kd7 53. Rc5 1-0

[Event "TOP 16 A group"]
[Site "BELFORT"]
[Date "????.??.??"]
[Round "4.22"]
[White "Barseghyan, Harutyun"]
[Black "Lagarde, Maxime"]
[Result "1/2-1/2"]
[WhiteElo "2450"]
[BlackElo "2622"]
[PlyCount "75"]
[EventDate "2025.05.??"]
[WhiteTeam "METZ"]
[BlackTeam "CHARTRES"]
[WhiteTeamCountry "FRA"]
[BlackTeamCountry "FRA"]

1. d4 Nf6 2. Nf3 d6 3. c4 g6 4. Nc3 Bg7 5. e4 O-O 6. Be2 e5 7. O-O h6 8. dxe5
dxe5 9. Qxd8 Rxd8 10. Nd5 Na6 11. Nxf6+ Bxf6 12. Bxh6 Nc5 13. Ng5 Bg7 14. Bxg7
Kxg7 15. b4 Na4 16. Rfd1 Rxd1+ 17. Bxd1 Nc3 18. Nf3 a5 19. bxa5 Rxa5 20. Bb3 b6
21. Nd2 Ne2+ 22. Kf1 Nd4 23. Rc1 Ne6 24. f3 Ra8 25. Nb1 Nc5 26. Nc3 c6 27. Rd1
Be6 28. Rd6 Rc8 29. Kf2 Kf8 30. h4 Ke7 31. Rd1 f5 32. exf5 gxf5 33. g3 Ra8 34.
Kg2 Ra3 35. Nb1 Ra8 36. Nc3 Ra3 37. Nb1 Ra8 38. Nc3 1/2-1/2

[Event "TOP 16 A group"]
[Site "BELFORT"]
[Date "????.??.??"]
[Round "4.23"]
[White "Bauer, Christian"]
[Black "Vitoux, Colomban"]
[Result "1-0"]
[WhiteElo "2561"]
[BlackElo "2367"]
[PlyCount "86"]
[EventDate "2025.05.??"]
[WhiteTeam "CHARTRES"]
[BlackTeam "METZ"]
[WhiteTeamCountry "FRA"]
[BlackTeamCountry "FRA"]

1. c4 Nf6 2. Nc3 c5 3. g3 g6 4. Bg2 Bg7 5. e3 O-O 6. d4 cxd4 7. exd4 d6 8. Nge2
e5 9. h3 Nc6 10. Be3 exd4 11. Nxd4 Nxd4 12. Bxd4 Re8+ 13. Kf1 Be6 14. b3 d5 15.
cxd5 Bf5 16. Kg1 Rc8 17. Kh2 Ne4 18. Bxg7 Kxg7 19. Nxe4 Bxe4 20. Re1 Bxg2 21.
Rxe8 Qxe8 22. Qd4+ f6 23. Kxg2 Qe5 24. Qxe5 fxe5 25. Rd1 Kf6 26. Kf3 Ke7 27.
d6+ Kd7 28. Rd2 Re8 29. Ke4 Re6 30. Rd5 Rf6 31. f3 Rf8 32. h4 Rf6 33. a4 Rf8
34. Rd3 Re8 35. g4 Re6 36. Rd5 Rf6 37. Rxe5 Kxd6 38. f4 Rf8 39. f5 gxf5+ 40.
Rxf5 Re8+ 41. Kf4 Re1 42. Kg5 Re3 43. Rf7 Kd5 1-0

[Event "TOP 16 A group"]
[Site "BELFORT"]
[Date "????.??.??"]
[Round "4.24"]
[White "Andriasyan, Siranush"]
[Black "Daulyte-Cornette, Deimante"]
[Result "0-1"]
[WhiteElo "2192"]
[BlackElo "2396"]
[PlyCount "92"]
[EventDate "2025.05.??"]
[WhiteTeam "METZ"]
[BlackTeam "CHARTRES"]
[WhiteTeamCountry "FRA"]
[BlackTeamCountry "FRA"]

1. e4 c5 2. Nf3 e6 3. d4 cxd4 4. Nxd4 Nf6 5. Nc3 Nc6 6. Nxc6 bxc6 7. Bd3 d5 8.
e5 Nd7 9. Bf4 Rb8 10. Rb1 Qc7 11. Qe2 f6 12. O-O Nxe5 13. Qh5+ Qf7 14. Qe2 Bd6
15. Bg3 O-O 16. Na4 Qc7 17. c4 Nxd3 18. Bxd6 Qxd6 19. Qxd3 e5 20. Rfd1 Be6 21.
b3 Rfd8 22. Qc3 Qe7 23. Nb2 Bf5 24. Rbc1 d4 25. Qa5 c5 26. f3 Bg6 27. Nd3 Bxd3
28. Rxd3 f5 29. Re1 e4 30. fxe4 fxe4 31. Rg3 e3 32. Re2 Rf8 33. Qe1 Rb6 34. Rf3
Rxf3 35. gxf3 Rg6+ 36. Kh1 Qf7 37. Qf1 Qf4 38. Rg2 Rd6 39. Rg4 Qf5 40. Re4 Rf6
41. Kg2 Qxe4 42. fxe4 Rxf1 43. Kxf1 d3 44. b4 cxb4 45. c5 Kf7 46. e5 Ke6 0-1

[Event "TOP 16 A group"]
[Site "BELFORT"]
[Date "????.??.??"]
[Round "4.25"]
[White "Narayanan S L"]
[Black "Karthikeyan, Murali"]
[Result "1/2-1/2"]
[WhiteElo "2598"]
[BlackElo "2658"]
[PlyCount "72"]
[EventDate "2025.05.??"]
[WhiteTeam "MULHOUSE"]
[BlackTeam "CANNES"]
[WhiteTeamCountry "FRA"]
[BlackTeamCountry "FRA"]

1. d4 Nf6 2. c4 e6 3. Nf3 b6 4. g3 Ba6 5. Qc2 c5 6. d5 exd5 7. cxd5 Bb7 8. Bg2
Nxd5 9. O-O Nc6 10. Rd1 Be7 11. Qa4 Nf6 12. Nh4 O-O 13. Nf5 d5 14. Nc3 Nb4 15.
a3 a5 16. Bg5 Bc6 17. Nxd5 Nfxd5 18. Nxe7+ Qxe7 19. Bxe7 Bxa4 20. axb4 Bxd1 21.
Bxf8 Bb3 22. Bd6 cxb4 23. e4 Rd8 24. Be5 Ne7 25. Bc7 Rd2 26. Bxb6 a4 27. Bc5
Nc6 28. e5 Nd4 29. Bxb4 Rxb2 30. Bd6 h5 31. Be4 Re2 32. f3 g5 33. Bc5 Rd2 34.
Bb4 Re2 35. Bc5 Rd2 36. Bb4 Re2 1/2-1/2

[Event "TOP 16 A group"]
[Site "BELFORT"]
[Date "????.??.??"]
[Round "4.26"]
[White "Pranesh M"]
[Black "Navara, David"]
[Result "1/2-1/2"]
[WhiteElo "2576"]
[BlackElo "2657"]
[PlyCount "101"]
[EventDate "2025.05.??"]
[WhiteTeam "CANNES"]
[BlackTeam "MULHOUSE"]
[WhiteTeamCountry "FRA"]
[BlackTeamCountry "FRA"]

1. e4 e5 2. Nf3 Nc6 3. Bb5 Nf6 4. O-O Nxe4 5. Re1 Nd6 6. a4 Be7 7. Nc3 a6 8.
Bf1 e4 9. Nxe4 Nxe4 10. Rxe4 d5 11. Re1 Bg4 12. h3 Bh5 13. Be2 O-O 14. d4 Bd6
15. c3 Re8 16. Bg5 Qd7 17. Nh4 Rxe2 18. Rxe2 Bxe2 19. Qxe2 Re8 20. Qc2 f6 21.
Be3 Ne7 22. Re1 g5 23. Nf3 Ng6 24. Bd2 Rxe1+ 25. Nxe1 c6 26. a5 Kg7 27. b4 h5
28. Qd1 g4 29. hxg4 hxg4 30. Qe2 Kf7 31. g3 Qf5 32. Ng2 Qe6 33. Kf1 f5 34.
Qxe6+ Kxe6 35. Ke2 Bc7 36. Bg5 b6 37. axb6 Bxb6 38. Kd3 a5 39. bxa5 Bxa5 40. c4
Bb4 41. cxd5+ cxd5 42. Ke3 Ba3 43. Ke2 Bd6 44. Ke3 Bc7 45. Ne1 Nf8 46. Nd3 Nd7
47. Bf4 Bb6 48. Bh6 Bc7 49. Bf4 Bb6 50. Bh6 Bc7 51. Bf4 1/2-1/2

[Event "TOP 16 A group"]
[Site "BELFORT"]
[Date "????.??.??"]
[Round "4.27"]
[White "Puranik, Abhimanyu"]
[Black "Lamard, Guillaume"]
[Result "1-0"]
[WhiteElo "2624"]
[BlackElo "2500"]
[PlyCount "117"]
[EventDate "2025.05.??"]
[WhiteTeam "MULHOUSE"]
[BlackTeam "CANNES"]
[WhiteTeamCountry "FRA"]
[BlackTeamCountry "FRA"]

1. c4 c5 2. Nc3 Nc6 3. g3 g6 4. Bg2 Bg7 5. a3 d6 6. Rb1 a5 7. d3 e5 8. Nf3 Nge7
9. O-O O-O 10. Bg5 f6 11. Bd2 Be6 12. Ne1 Bf7 13. Nc2 d5 14. cxd5 Nxd5 15. Ne3
Nde7 16. Nc4 Rb8 17. Nb5 b6 18. b4 axb4 19. axb4 Nxb4 20. Bxb4 cxb4 21. Rxb4
Nd5 22. Rb1 Qd7 23. Qa4 Be6 24. Rfc1 Rfc8 25. Qb3 Rc5 26. Qb2 Kh8 27. h4 Bg8
28. Kh2 Qe7 29. Ncd6 Rd8 30. Rxc5 bxc5 31. Nc4 f5 32. Qc1 Nb4 33. Ncd6 Na6 34.
Nb7 Rd7 35. Na5 Nb4 36. Nb3 c4 37. dxc4 e4 38. c5 Nc6 39. e3 Rd8 40. Kg1 Ne5
41. N5d4 Nd3 42. Qc2 Rc8 43. c6 Qd6 44. Na5 Qa3 45. Nb7 Bd5 46. Rb5 Bg8 47. Bf1
Ne1 48. Qd1 Nd3 49. Ra5 Qc3 50. Bxd3 exd3 51. Rc5 Qa3 52. Qd2 Bxd4 53. exd4
Qa1+ 54. Rc1 Qxd4 55. Nd6 Rf8 56. Nb5 Qe5 57. Qxd3 Bd5 58. c7 Kg7 59. c8=Q 1-0

[Event "TOP 16 A group"]
[Site "BELFORT"]
[Date "????.??.??"]
[Round "4.28"]
[White "Adhiban, B."]
[Black "Edouard, Romain"]
[Result "1-0"]
[WhiteElo "2518"]
[BlackElo "2538"]
[PlyCount "91"]
[EventDate "2025.05.??"]
[WhiteTeam "CANNES"]
[BlackTeam "MULHOUSE"]
[WhiteTeamCountry "FRA"]
[BlackTeamCountry "FRA"]

1. d4 Nf6 2. c4 e6 3. Nf3 d5 4. g3 Bb4+ 5. Bd2 a5 6. Qc2 O-O 7. a3 Be7 8. Nc3
c5 9. dxc5 Bxc5 10. O-O-O Ng4 11. Ng5 g6 12. cxd5 exd5 13. Bf4 d4 14. Nge4 Bf5
15. Bh3 Nd7 16. f3 dxc3 17. Bxg4 cxb2+ 18. Kb1 Bxg4 19. fxg4 Be7 20. Bh6 Ra6
21. Qc3 Bf6 22. Qf3 Be7 23. Rhf1 Qe8 24. Qc3 f6 25. Bxf8 Bxf8 26. Qb3+ Qe6 27.
Qxb7 Rc6 28. Qxd7 Qxe4+ 29. Qd3 Re6 30. Qxe4 Rxe4 31. Rxf6 Bxa3 32. Rd2 Rc4 33.
Rc2 Rd4 34. Rf1 Rxg4 35. Rc8+ Kg7 36. Rc7+ Kh6 37. Rf4 Rxf4 38. gxf4 Bd6 39.
Rf7 Bc5 40. e4 g5 41. fxg5+ Kg6 42. Rf6+ Kh5 43. Rf5 Be7 44. Rxa5 Bxg5 45. Kxb2
Kg4 46. e5 1-0

[Event "TOP 16 A group"]
[Site "BELFORT"]
[Date "????.??.??"]
[Round "4.29"]
[White "Terrieux, Kevin"]
[Black "Defromont, Benjamin"]
[Result "1-0"]
[WhiteElo "2389"]
[BlackElo "2388"]
[PlyCount "77"]
[EventDate "2025.05.??"]
[WhiteTeam "MULHOUSE"]
[BlackTeam "CANNES"]
[WhiteTeamCountry "FRA"]
[BlackTeamCountry "FRA"]

1. e4 g6 2. d4 d5 3. exd5 Qxd5 4. Nc3 Qd8 5. Nf3 Bg7 6. Bc4 Nf6 7. O-O O-O 8.
Bg5 a6 9. a4 Nc6 10. h3 b6 11. Re1 Bb7 12. Qd2 Na5 13. Be2 c5 14. Rad1 cxd4 15.
Nxd4 e5 16. Nb3 Qxd2 17. Rxd2 Rfd8 18. Red1 Rxd2 19. Rxd2 Ne4 20. Nxa5 bxa5 21.
Nxe4 Bxe4 22. Bc4 h6 23. Be3 Bc6 24. b3 Bf8 25. Bd5 Rc8 26. Bxc6 Rxc6 27. Rd8
Kg7 28. c4 Bb4 29. Kf1 h5 30. Ke2 Kf6 31. g4 hxg4 32. hxg4 Bc5 33. Bxc5 Rxc5
34. Rd6+ Kg5 35. Kf3 Rc7 36. Ke4 Rb7 37. Kxe5 Rxb3 38. Rd4 Rc3 39. Ke4 1-0

[Event "TOP 16 A group"]
[Site "BELFORT"]
[Date "????.??.??"]
[Round "4.30"]
[White "Di Nicolantonio, Lucas"]
[Black "Sokolov, Andrei"]
[Result "1-0"]
[WhiteElo "2413"]
[BlackElo "2458"]
[PlyCount "97"]
[EventDate "2025.05.??"]
[WhiteTeam "CANNES"]
[BlackTeam "MULHOUSE"]
[WhiteTeamCountry "FRA"]
[BlackTeamCountry "FRA"]

1. e4 c5 2. Nf3 e6 3. c3 Nf6 4. e5 Nd5 5. a3 d6 6. d4 cxd4 7. c4 Nc7 8. Qxd4
Nc6 9. Qc3 d5 10. Be2 Be7 11. O-O O-O 12. Qc2 f6 13. exf6 Bxf6 14. Nc3 Nd4 15.
Nxd4 Bxd4 16. Bd3 h6 17. Ne2 Be5 18. Bd2 b6 19. Rae1 Bb7 20. Ng3 Bd4 21. Bb4
Rf7 22. Rd1 Bf6 23. Rfe1 Rc8 24. Nh5 Bg5 25. f4 Bf6 26. Bg6 Rd7 27. f5 e5 28.
Nxf6+ Qxf6 29. Qe2 e4 30. cxd5 Bxd5 31. Bc3 Qg5 32. Qe3 Qxe3+ 33. Rxe3 Rcd8 34.
f6 gxf6 35. Bxf6 Bf7 36. Rxd7 Rxd7 37. Bxe4 Rd1+ 38. Kf2 Bd5 39. Rd3 Rxd3 40.
Bxd3 Ne6 41. Be5 Nc5 42. Bf5 Kf7 43. b4 Nb3 44. g4 a5 45. Ke3 axb4 46. axb4 b5
47. Bb2 Bc4 48. h4 Kf8 49. h5 1-0

[Event "TOP 16 A group"]
[Site "BELFORT"]
[Date "????.??.??"]
[Round "4.31"]
[White "Navrotescu, Andreea"]
[Black "Pile, Richard"]
[Result "1/2-1/2"]
[WhiteElo "2323"]
[BlackElo "2432"]
[PlyCount "35"]
[EventDate "2025.05.??"]
[WhiteTeam "MULHOUSE"]
[BlackTeam "CANNES"]
[WhiteTeamCountry "FRA"]
[BlackTeamCountry "FRA"]

1. d4 Nf6 2. c4 e6 3. Nc3 Bb4 4. Qc2 O-O 5. Nf3 d6 6. a3 Bxc3+ 7. Qxc3 Nbd7 8.
b4 b6 9. e3 c5 10. Be2 Bb7 11. O-O a5 12. Bb2 axb4 13. axb4 Qc7 14. dxc5 bxc5
15. b5 Nb6 16. Qc2 Rxa1 17. Rxa1 Ra8 18. Rxa8+ 1/2-1/2

[Event "TOP 16 A group"]
[Site "BELFORT"]
[Date "????.??.??"]
[Round "4.32"]
[White "Bensdorp-De Labaca, Marlies"]
[Black "Gatineau, Yovann"]
[Result "0-1"]
[WhiteElo "2208"]
[BlackElo "2374"]
[PlyCount "116"]
[EventDate "2025.05.??"]
[WhiteTeam "CANNES"]
[BlackTeam "MULHOUSE"]
[WhiteTeamCountry "FRA"]
[BlackTeamCountry "FRA"]

1. d4 Nf6 2. c4 e6 3. Nc3 Bb4 4. Qc2 d5 5. cxd5 exd5 6. Bg5 h6 7. Bxf6 Qxf6 8.
a3 Bxc3+ 9. Qxc3 O-O 10. e3 c6 11. Nf3 Bf5 12. Bd3 Nd7 13. Bxf5 Qxf5 14. O-O
Rfe8 15. Rfc1 Re6 16. Qc2 Qh5 17. b4 Rae8 18. Qd1 Nb6 19. Ne5 Qxd1+ 20. Rxd1 f6
21. Nd3 Nc4 22. a4 Nd6 23. Rdc1 a6 24. Rab1 g5 25. h3 Kf7 26. g3 R6e7 27. Kg2
Ra8 28. a5 Nf5 29. Rc3 Rae8 30. Nc5 Nd6 31. Rh1 Nf5 32. Kf3 h5 33. Rb1 Rf8 34.
Rh1 h4 35. g4 Nd6 36. Rg1 Kg6 37. Nd3 f5 38. gxf5+ Rxf5+ 39. Kg2 Nc4 40. Rc2
Rxe3 41. Ne5+ Rexe5 42. dxe5 Nxe5 43. Rd1 Kf6 44. Rc3 Rf4 45. Rb3 Ke6 46. Re1
d4 47. Kf1 Kd5 48. Rc1 d3 49. Rc5+ Kd4 50. Rb1 g4 51. Kg2 gxh3+ 52. Kxh3 Rxf2
53. Kxh4 Rc2 54. Kg3 Rxc5 55. bxc5 d2 56. Kf2 Kd3 57. Ra1 Nc4 58. Kf3 Nb2 0-1

[Event "TOP 16 A group"]
[Site "BELFORT"]
[Date "????.??.??"]
[Round "5.1"]
[White "Rathanvel, V S."]
[Black "Eugene, Floryan"]
[Result "1/2-1/2"]
[WhiteElo "2465"]
[BlackElo "2469"]
[PlyCount "35"]
[EventDate "2025.05.??"]
[WhiteTeam "LYON"]
[BlackTeam "LE MANS"]
[WhiteTeamCountry "FRA"]
[BlackTeamCountry "FRA"]

1. e4 e6 2. d4 d5 3. Nc3 Nf6 4. e5 Nfd7 5. f4 c5 6. Nf3 Nc6 7. Be3 a6 8. a3
cxd4 9. Nxd4 Bc5 10. Qd2 Nxd4 11. Bxd4 Bxd4 12. Qxd4 Qb6 13. O-O-O Qc5 14. h4
h5 15. Rh3 Qxd4 16. Rxd4 Ke7 17. Re3 g6 18. b3 1/2-1/2

[Event "TOP 16 A group"]
[Site "BELFORT"]
[Date "????.??.??"]
[Round "5.2"]
[White "Heurtebize, Olivier"]
[Black "Fedorchuk, Sergey A"]
[Result "0-1"]
[WhiteElo "2250"]
[BlackElo "2565"]
[PlyCount "82"]
[EventDate "2025.05.??"]
[WhiteTeam "LE MANS"]
[BlackTeam "LYON"]
[WhiteTeamCountry "FRA"]
[BlackTeamCountry "FRA"]

1. Nf3 Nf6 2. e3 b6 3. d4 e6 4. Bd3 Bb7 5. Nbd2 c5 6. O-O cxd4 7. exd4 Be7 8.
c3 O-O 9. Qe2 d6 10. Re1 h6 11. a4 a6 12. Nc4 Nbd7 13. Bf4 Qc7 14. h3 Rfe8 15.
Ne3 e5 16. dxe5 dxe5 17. Bh2 Qc5 18. Bc2 Bf8 19. Rad1 e4 20. Nd4 Ne5 21. Nb3
Qc8 22. Rd4 Qe6 23. Nc4 Nxc4 24. Qxc4 Bd5 25. Rxd5 Qxd5 26. Qc7 b5 27. Rd1 Qh5
28. Nd4 e3 29. fxe3 Nd5 30. Qc6 Nxe3 31. Re1 Rec8 32. Qe4 Nxc2 33. Nxc2 Bc5+
34. Kh1 Re8 35. Qd3 Rad8 36. Rxe8+ Rxe8 37. b4 Qe2 38. Qxe2 Rxe2 39. bxc5 Rxc2
40. axb5 Rc1+ 41. Bg1 axb5 0-1

[Event "TOP 16 A group"]
[Site "BELFORT"]
[Date "????.??.??"]
[Round "5.3"]
[White "Mathieu, Phileas"]
[Black "Bouvet, Florian"]
[Result "0-1"]
[WhiteElo "2346"]
[BlackElo "2244"]
[PlyCount "92"]
[EventDate "2025.05.??"]
[WhiteTeam "LYON"]
[BlackTeam "LE MANS"]
[WhiteTeamCountry "FRA"]
[BlackTeamCountry "FRA"]

1. e4 c6 2. d4 d5 3. e5 Bf5 4. h4 h5 5. c4 e6 6. Nc3 Ne7 7. Bg5 Qb6 8. Rc1 Nd7
9. Nge2 dxc4 10. Ng3 Rd8 11. Nxf5 exf5 12. Bxc4 Nxe5 13. Be2 Qxd4 14. Qb3 Qb6
15. Qc2 Ng4 16. O-O f6 17. Bf4 Rd4 18. Bxg4 Rxf4 19. Bh3 g6 20. g3 Rd4 21. Rce1
Rd6 22. Re2 Kf7 23. Rfe1 Nd5 24. Bg2 Nxc3 25. Qxc3 Rd7 26. a3 Bd6 27. Re6 Qd8
28. f4 Rf8 29. Kh2 Kg7 30. Qe3 Bb8 31. Qb3 a6 32. R1e2 Ba7 33. Qc4 Qc7 34. b4
Bb6 35. a4 Ba7 36. a5 Bb8 37. Qc5 Rff7 38. Qc4 Rde7 39. Qc5 Rxe6 40. Rxe6 Qd7
41. Re2 Qd6 42. Qc4 Re7 43. Rc2 Ba7 44. Qc3 Qd1 45. Kh3 Qg4+ 46. Kh2 Re3 0-1

[Event "TOP 16 A group"]
[Site "BELFORT"]
[Date "????.??.??"]
[Round "5.4"]
[White "Eveno, Nathan"]
[Black "Breuil, Tristan"]
[Result "1-0"]
[WhiteElo "2249"]
[BlackElo "2362"]
[PlyCount "90"]
[EventDate "2025.05.??"]
[WhiteTeam "LE MANS"]
[BlackTeam "LYON"]
[WhiteTeamCountry "FRA"]
[BlackTeamCountry "FRA"]

1. e4 c5 2. Nf3 d6 3. Bb5+ Nd7 4. O-O a6 5. Bxd7+ Bxd7 6. c3 Nf6 7. Re1 Bc6 8.
d4 Bxe4 9. Bg5 Bc6 10. c4 h6 11. Bxf6 gxf6 12. d5 Bd7 13. Nc3 Qc7 14. Qd3 O-O-O
15. Rab1 e5 16. Nh4 Rg8 17. b4 f5 18. Nxf5 Rg5 19. Ng3 f5 20. b5 e4 21. Qc2 Qa5
22. bxa6 Qxa6 23. Nb5 Bg7 24. Re3 Bxb5 25. cxb5 Qa5 26. h4 Rg4 27. Nxf5 Be5 28.
Rxe4 Rxe4 29. Qxe4 Qxa2 30. Ne7+ Kd7 31. Ng6 Re8 32. Qf5+ Kd8 33. Nf8 Ke7 34.
Ng6+ Kd8 35. Nxe5 Rxe5 36. Qf8+ Kd7 37. Qf7+ Kc8 38. Rd1 Qb3 39. Ra1 Kb8 40.
Qf8+ Kc7 41. Ra8 Re1+ 42. Kh2 Kb6 43. Qd8+ Kxb5 44. Qa5+ Kc4 45. Qxe1 Kxd5 1-0

[Event "TOP 16 A group"]
[Site "BELFORT"]
[Date "????.??.??"]
[Round "5.5"]
[White "Hejazipour, Mitra"]
[Black "Blot, Jerome"]
[Result "1-0"]
[WhiteElo "2310"]
[BlackElo "2336"]
[PlyCount "47"]
[EventDate "2025.05.??"]
[WhiteTeam "LYON"]
[BlackTeam "LE MANS"]
[WhiteTeamCountry "FRA"]
[BlackTeamCountry "FRA"]

1. e4 e6 2. d4 d5 3. exd5 exd5 4. Nf3 Nc6 5. Bb5 Bd7 6. O-O Bd6 7. c4 dxc4 8.
Bxc4 Bg4 9. Re1+ Kf8 10. Be3 Qf6 11. Nbd2 Nge7 12. h3 Bxf3 13. Nxf3 h6 14. Nd2
Nf5 15. Ne4 Qe7 16. Nc3 Qd7 17. Qf3 a6 18. Rad1 Rd8 19. Bb3 Bb4 20. a3 Bd6 21.
Ne4 Re8 22. Nc5 Qc8 23. g4 Na5 24. Ba2 1-0

[Event "TOP 16 A group"]
[Site "BELFORT"]
[Date "????.??.??"]
[Round "5.6"]
[White "Weibel, Theo"]
[Black "Tahay, Alexis"]
[Result "0-1"]
[WhiteElo "2125"]
[BlackElo "2375"]
[PlyCount "96"]
[EventDate "2025.05.??"]
[WhiteTeam "LE MANS"]
[BlackTeam "LYON"]
[WhiteTeamCountry "FRA"]
[BlackTeamCountry "FRA"]

1. e4 c5 2. Nf3 d6 3. d4 cxd4 4. Nxd4 Nf6 5. Nc3 a6 6. Be3 e5 7. Nb3 Be6 8. h3
Nbd7 9. g4 b5 10. Bg2 Nb6 11. Bxb6 Qxb6 12. g5 Nd7 13. Nd5 Bxd5 14. Qxd5 Rc8
15. c3 Be7 16. h4 Nf8 17. Bh3 Rb8 18. Bf5 Ng6 19. Bxg6 hxg6 20. O-O-O Rxh4 21.
Rxh4 Bxg5+ 22. f4 Bxh4 23. fxe5 dxe5 24. Nc5 Rd8 25. Qxe5+ Be7 26. Rxd8+ Kxd8
27. Qd5+ Bd6 28. Nd3 Ke8 29. e5 Be7 30. Qa8+ Bd8 31. Kc2 g5 32. Qh1 Qh6 33. Qb7
Qg6 34. a4 bxa4 35. c4 Qb6 36. Qd5 Be7 37. Kd2 g4 38. c5 Qd8 39. Qh1 Qc7 40.
Qa8+ Bd8 41. Qe4 Qd7 42. c6 Qe7 43. Qxa4 Qg5+ 44. Ke2 Kf8 45. Qb4+ Kg8 46. Qd6
g3 47. Ne1 Qg4+ 48. Nf3 Qe4+ 0-1

[Event "TOP 16 A group"]
[Site "BELFORT"]
[Date "????.??.??"]
[Round "5.7"]
[White "Benitah, Yohan"]
[Black "Gely, Yann"]
[Result "0-1"]
[WhiteElo "2333"]
[BlackElo "2134"]
[PlyCount "117"]
[EventDate "2025.05.??"]
[WhiteTeam "LYON"]
[BlackTeam "LE MANS"]
[WhiteTeamCountry "FRA"]
[BlackTeamCountry "FRA"]

1. d4 d5 2. c4 e6 3. Nc3 a6 4. Nf3 dxc4 5. g3 Nc6 6. Bg2 Rb8 7. O-O b5 8. e4
Nf6 9. a3 Be7 10. h3 O-O 11. Be3 Bb7 12. Qe2 Na5 13. Ne5 c5 14. d5 exd5 15.
exd5 Qc7 16. Ng4 Nxg4 17. Qxg4 Rbd8 18. Rad1 Nb3 19. a4 Qb6 20. Rfe1 Bf6 21.
Bg5 Bxg5 22. Qxg5 b4 23. Ne2 Nd4 24. Nf4 Rfe8 25. Re7 h6 26. Qe5 Rxe7 27. Qxe7
c3 28. bxc3 bxc3 29. a5 c2 30. Rf1 Qxa5 31. Qxb7 Qa3 32. Qe7 Rb8 33. Qe5 Qb2
34. Nd3 c1=Q 35. Nxb2 Qxb2 36. Re1 Qb6 37. Qe7 Rd8 38. Kh2 c4 39. Rc1 Nf5 40.
Qe2 Rc8 41. Rc3 Qd4 42. Rc2 Nd6 43. Qe7 Qd3 44. Rc1 Qa3 45. Rc2 c3 46. Qd7 Qb3
47. Be4 Qb4 48. Bd3 a5 49. Ba6 Rb8 50. Qc6 Rb6 51. Qa8+ Rb8 52. Qc6 Rb6 53.
Qa8+ Kh7 54. Bd3+ g6 55. Qa7 Rb7 56. Qe3 Rc7 57. h4 Qc5 58. Qe5 Nc8 59. Qe6 0-1

[Event "TOP 16 A group"]
[Site "BELFORT"]
[Date "????.??.??"]
[Round "5.8"]
[White "Budak, Lori"]
[Black "Malka, Samuel"]
[Result "0-1"]
[WhiteElo "1908"]
[BlackElo "2228"]
[PlyCount "44"]
[EventDate "2025.05.??"]
[WhiteTeam "LE MANS"]
[BlackTeam "LYON"]
[WhiteTeamCountry "FRA"]
[BlackTeamCountry "FRA"]

1. e4 c5 2. Nc3 Nc6 3. d3 g6 4. Be3 d6 5. d4 cxd4 6. Bxd4 Nf6 7. Bxf6 exf6 8.
Qd2 Bg7 9. O-O-O O-O 10. Qxd6 Qa5 11. Bc4 f5 12. Nge2 fxe4 13. Nxe4 Qb6 14.
Nf6+ Kh8 15. Nc3 Bf5 16. Ncd5 Qxf2 17. Bd3 Bxd3 18. Rxd3 Nd4 19. Rd2 Bh6 20.
Rhd1 Bxd2+ 21. Kb1 Qf5 22. Qc5 Rac8 0-1

[Event "TOP 16 A group"]
[Site "BELFORT"]
[Date "????.??.??"]
[Round "5.9"]
[White "Ganguly, Surya Shekhar"]
[Black "Puranik, Abhimanyu"]
[Result "1/2-1/2"]
[WhiteElo "2569"]
[BlackElo "2624"]
[PlyCount "79"]
[EventDate "2025.05.??"]
[WhiteTeam "METZ"]
[BlackTeam "MULHOUSE"]
[WhiteTeamCountry "FRA"]
[BlackTeamCountry "FRA"]

1. e4 c6 2. Nf3 d5 3. Nc3 dxe4 4. Nxe4 Nf6 5. Qe2 Na6 6. a3 Nxe4 7. Qxe4 Qd5 8.
Qe3 Nc7 9. d4 Qe6 10. Bd3 Nd5 11. Qxe6 Bxe6 12. c4 Nb6 13. b3 g6 14. Bb2 Bg7
15. h3 Bf5 16. Bxf5 gxf5 17. O-O-O h5 18. Rhe1 Rg8 19. Nh4 Bf6 20. Nxf5 Rxg2
21. Nd6+ Kf8 22. Ne4 Bg7 23. Rg1 Rxg1 24. Rxg1 Rd8 25. Rd1 Nd7 26. a4 Nf6 27.
f3 Ne8 28. Ng3 h4 29. Nf5 Bf6 30. Rg1 Ng7 31. Nxg7 Bxg7 32. Rg4 f5 33. Rxh4 Kf7
34. d5 cxd5 35. Bxg7 Kxg7 36. Rd4 e6 37. Kd2 Kf6 38. f4 Rh8 39. cxd5 Rxh3 40.
Rb4 1/2-1/2

[Event "TOP 16 A group"]
[Site "BELFORT"]
[Date "????.??.??"]
[Round "5.10"]
[White "Navara, David"]
[Black "Chigaev, Maksim"]
[Result "1-0"]
[WhiteElo "2657"]
[BlackElo "2635"]
[PlyCount "43"]
[EventDate "2025.05.??"]
[WhiteTeam "MULHOUSE"]
[BlackTeam "METZ"]
[WhiteTeamCountry "FRA"]
[BlackTeamCountry "FRA"]

1. d4 d5 2. c4 e6 3. Nc3 Be7 4. cxd5 exd5 5. Bf4 c6 6. e3 Bf5 7. Nge2 Nd7 8. h4
Ngf6 9. Ng3 Be6 10. Bd3 O-O 11. Nf5 Bxf5 12. Bxf5 Re8 13. h5 Nf8 14. Qc2 Ne6
15. Be5 Nf8 16. O-O-O Bd6 17. f4 Bb4 18. g4 Qa5 19. h6 g6 20. Bxf6 Rxe3 21. Bd3
Ne6 22. Qf2 1-0

[Event "TOP 16 A group"]
[Site "BELFORT"]
[Date "????.??.??"]
[Round "5.11"]
[White "Travadon, Loic"]
[Black "Rakotomaharo, Fy Antenaina"]
[Result "0-1"]
[WhiteElo "2447"]
[BlackElo "2441"]
[PlyCount "52"]
[EventDate "2025.05.??"]
[WhiteTeam "METZ"]
[BlackTeam "MULHOUSE"]
[WhiteTeamCountry "FRA"]
[BlackTeamCountry "FRA"]

1. e4 e5 2. Nf3 Nc6 3. Nc3 Nf6 4. a3 d6 5. d4 exd4 6. Nxd4 Bd7 7. Bf4 Be7 8.
Qd2 O-O 9. f3 a6 10. g4 Nxd4 11. Qxd4 b5 12. Qd2 Bc6 13. O-O-O Qe8 14. Ne2 a5
15. Nd4 b4 16. Nf5 bxa3 17. bxa3 Bd7 18. Nxe7+ Qxe7 19. Qc3 Bxg4 20. Rg1 Bh5
21. Rg5 Bg6 22. e5 Nh5 23. Be3 dxe5 24. Rxe5 Qh4 25. Rd2 Qe1+ 26. Kb2 Qxf1 0-1

[Event "TOP 16 A group"]
[Site "BELFORT"]
[Date "????.??.??"]
[Round "5.12"]
[White "Edouard, Romain"]
[Black "Bailet, Pierre"]
[Result "1-0"]
[WhiteElo "2538"]
[BlackElo "2472"]
[PlyCount "57"]
[EventDate "2025.05.??"]
[WhiteTeam "MULHOUSE"]
[BlackTeam "METZ"]
[WhiteTeamCountry "FRA"]
[BlackTeamCountry "FRA"]

1. Nf3 d5 2. g3 Nf6 3. Bg2 e6 4. d4 Be7 5. c4 O-O 6. Nc3 Nbd7 7. Qd3 a6 8. b3
b5 9. cxd5 exd5 10. Ne5 Bb7 11. O-O Re8 12. Bf4 Bd6 13. Nxd7 Qxd7 14. Bxd6 Qxd6
15. Rac1 Bc6 16. Qc2 Rac8 17. e3 Bd7 18. Ne2 Ne4 19. Nf4 c6 20. Rfe1 Bf5 21. f3
Nxg3 22. Qf2 Ne4 23. fxe4 Bxe4 24. Qg3 Bxg2 25. Kxg2 Kh8 26. Rc5 Qd7 27. Qh3
Qe7 28. Nxd5 Qe4+ 29. Kf2 1-0